000 00609nam a2200217Ia 4500
003 OSt
005 20220923225236.0
006 a|||||r|||| 00| 0
007 ta
008 220922b |||||||| |||| 00| 0 hin d
024 _a261,123
037 _cTextual
040 _aARTS
_cARTS
_bhin
041 _2hin
_ahin
082 _aP15:302:g, 152M0
245 0 _aप्रत्ययों का आलोचनात्मक अध्ययन
246 _aPratyayoan kā ālochanātmak adhyayana
260 _c1980
942 _hP15:302:g, 152M0
_cTEXL
_2CC
999 _c376964
_d376964